000 00547nam a2200193 a 4500
005 20240924071014.0
008 991125s1971 bue 000 0 spa u
035 _aUPN01000034197
049 _aCE
050 4 _aZ665
_bL5.4
100 1 _aLitton, Gaston,
_d1913-1996
_928976
245 1 4 _aLos lectores en sus libros /
_cGastón Litton.
260 _aBuenos Aires :
_bBowker,
_c1971.
300 _a242 p.
440 0 _aBreviarios del bibliotecario
650 4 _aBibliotecas y lectores
_93877
650 4 _aLibros y lectura
_95227
905 _aLibro
999 _c34197
_d34197